000 00715nam a2200241Ia 4500
003 OSt
005 20220927105208.0
006 a|||||r|||| 00| 0
007 ta
008 220926b |||||||| |||| 00| 0 eng d
024 _a159758
037 _cReference Collections
040 _aRTL
_cRTL
_beng
041 _2eng
_aeng
082 _a"X71.237.N59, J9"
110 _aRAJASTHAN (Govt. of-)
_9370812
245 0 _aMemorandum explanatory of the budget for the year 1959-60
260 _aJaipur
_bGovt. central press
_c1959
300 _a97p
_ccm.
700 _aRAJASTHAN (Govt. of-)
_9370813
942 _h"X71.237.N59, J9"
_cCC
999 _c691098
_d691098